000 00318nam a22001337a 4500
008 171102b xxu||||| |||| 00| 0 eng d
020 _a9780256130959
041 _aeng
080 _a33
100 _a59
101 _aKAP
245 _aCOMPARATIVE ECONOMICS IN A TRANSFORMING WORLD ECONOMY
_cROSSER
942 _2udc
_cBK
999 _c37172
_d37172